Online
Catalog

Poesía y revolución / (Record no. 22374)

MARC details
000 -CABECERA
campo de control de longitud fija 00912nam a2200265 a 4500
001 - NÚMERO DE CONTROL
campo de control 000022877
005 - FECHA Y HORA DE LA ÚLTIMA TRANSACCIÓN
campo de control 20200930021842.0
008 - DATOS DE LONGITUD FIJA--INFORMACIÓN GENERAL
campo de control de longitud fija 101122s1971 sp r 000 0 spa d
040 ## - FUENTE DE LA CATALOGACIÓN
Centro catalogador/agencia de origen DO-SdBNP
Lengua de catalogación spa
Centro/agencia transcriptor BNPHU
082 ## - NÚMERO DE LA CLASIFICACIÓN DECIMAL DEWEY
Número de clasificación 891.713
Número de documento/Ítem M217p
049 ## - FONDOS LOCALES (OCLC)
Fondos de biblioteca BNGR
100 1# - ENTRADA PRINCIPAL--NOMBRE DE PERSONA
Nombre de persona Maiakovsky, Vladimir,
Fechas asociadas al nombre 1894-1930
9 (RLIN) 47015
245 10 - MENCIÓN DE TÍTULO
Título Poesía y revolución /
Mención de responsabilidad, etc. Vladimir Maiakovsky ; traducción Jaume Fuster , María Antónia Oliver.
260 ## - PUBLICACIÓN, DISTRIBUCIÓN, ETC.
Lugar de publicación, distribución, etc. Barcelona :
Nombre del editor, distribuidor, etc. Península,
Fecha de publicación, distribución, etc. 1971.
300 ## - DESCRIPCIÓN FÍSICA
Extensión 134 p. ;
Dimensiones 19 cm.
490 1# - MENCIÓN DE SERIE
Mención de serie ediciones de bolsillo ;
Designación de volumen o secuencia 76
490 1# - MENCIÓN DE SERIE
Mención de serie Ibérica ;
Designación de volumen o secuencia 32
500 ## - NOTA GENERAL
Nota general Incluye referencia biográfica del autor en la contracubierta.
650 #4 - PUNTO DE ACCESO ADICIONAL DE MATERIA--TÉRMINO DE MATERIA
Término de materia o nombre geográfico como elemento de entrada Poesía rusa
9 (RLIN) 25299
650 #4 - PUNTO DE ACCESO ADICIONAL DE MATERIA--TÉRMINO DE MATERIA
Término de materia o nombre geográfico como elemento de entrada Literatura rusa
9 (RLIN) 4743
700 1# - PUNTO DE ACCESO ADICIONAL--NOMBRE DE PERSONA
Nombre de persona Fuster, Jaume,
Término indicativo de función/relación tr.
9 (RLIN) 47016
700 1# - PUNTO DE ACCESO ADICIONAL--NOMBRE DE PERSONA
Nombre de persona Oliver, María Antónia,
Término indicativo de función/relación tr.
9 (RLIN) 47017
830 #0 - PUNTO DE ACCESO ADICIONAL DE SERIE-TÍTULO UNIFORME
Título uniforme ediciones de bolsillo ;
Número de parte o sección de la obra 76
9 (RLIN) 47018
830 #0 - PUNTO DE ACCESO ADICIONAL DE SERIE-TÍTULO UNIFORME
Título uniforme Ibérica ;
Número de parte o sección de la obra 32
9 (RLIN) 47019
Holdings
Estado de retiro Estado de pérdida Restricciones de uso No para préstamo Código de colección Localización permanente Ubicación/localización actual Ubicación en estantería Fecha de adquisición Número de inventario Total de préstamos Signatura topográfica completa Código de barras Fecha visto por última vez Precio válido a partir de Tipo de ítem Koha
        Monografías: Libros y Folletos General General En catalogación 22.11.2010 LF1   891.713 M217p 22877-10 25.06.2020 25.06.2020 Préstamo en sala

Powered by Koha